Города-миллионники России - Statistics

General Stats
  • This quiz has been taken 164 times
  • The average score is 14 of 16
Answer Stats
Hint Answer % Correct
Местные шутят, что дождь там идёт примерно с даты основания. Санкт-Петербург
100%
Столица — один из самых посещаемых городов в рамках внутреннего туризма и не только: сюда постоянно приезжают иностранцы, чтобы погулять по Красной площади. Москва
99%
Это крупнейший город азиатской части России, административный центр Сибирского федерального округа и Новосибирской области. Посмотрите театр оперы и балета, Бугринский мост, Музей мировой погребальной культуры и Дом с часами. Новосибирск
97%
Сходите на Плотинку — это плотина, которая установлена на реке Исеть. Интересно выглядит памятник клавиатуре: на ней, конечно, особо не попечатаешь, но посмотреть однозначно надо. Екатеринбург
95%
Правительство республики тут же запатентовало товарные знаки «Третья столица» и «Третья столица России». Казань
93%
Это крупный культурный и экономический центр всего Южного федерального округа и Кубани. Город основали казаки на земле, которую им подарила императрица Екатерина Великая. С тех пор до 1920 года его называли Екатеринодаром. Краснодар
91%
Он назывался Царицыным, Сталинградом и хорошо «помнит» историю Великой Отечественной войны и Сталинградской битвы, которая стала одним из важнейших событий. В городе растёт старый тополь, который пережил ВОВ и даже сохранил на коре следы от снарядов. Волгоград
91%
Посетите Кремль, а затем прогуляйтесь к набережной по Чкаловской лестнице. Из достопримечательностей ещё посмотрите Дмитриевскую башню, Рождественскую церковь, Музей истории автомобилей ГАЗ и памятник Минину и Пожарскому. Нижний Новгород
87%
В городе загляните в Исторический музей Южного Урала и театры. На Привокзальной площади стоит внушительный памятник «Сказ об Урале». И, конечно, прогуляйтесь по Кировке — местному Арбату. Челябинск
83%
В городе расположен старейший Струковский сад, где можно погулять и насладиться красотой арт-объектов и фонтанов. Ещё здесь находится бункер Сталина — оборонительное сооружение, где раньше располагался командный пункт-бомбоубежище. Самара
83%
В путешествии попробуйте оленину с папоротником и уху из енисейской рыбы. Вообще, здесь можно познакомиться с народными промыслами сибиряков: в основном это всё вещицы ручной работы, которые станут хорошими сувенирами. Красноярск
79%
Вокруг города расположены красивые озёра, куда можно съездить отдохнуть: Архимандритское, Сосновое, Жуково. Уфа
76%
Здесь сочетаются современная инфраструктура и элементы дореволюционной эпохи. Так, прямо в центре города, на Ворошиловском проспекте, можно свернуть на маленькую улочку и оказаться в узком дворике-колодце — на юге таких много. Ростов-на-Дону
71%
Несмотря на суровые зимы, этот город считается одним из самых солнечных городов в России. Лето здесь жаркое, а зима холодная, зато снежная и красивая. Можно заниматься зимними видами спорта и фотографировать потрясающий снежный лес. Омск
71%
Здесь есть милые памятники в виде известных персонажей: Котёнок с улицы Лизюкова и Белый Бим. Посетите Театр оперы и балета, прогуляйтесь по Кольцовскому скверу. Воронеж
71%
Прогуляйтесь по улице Ленина — главному променаду города, посмотрите на Вознесенско-Феодосиевскую церковь и Дом Грибушина. Пермь
67%
No matching quizzes found
Score Distribution
Percent of People with Each Score
Percentile by Number Answered
Your Score History
You have not taken this quiz